Statistiques concernant Culture Générale - Série 1381

Cliquez ici pour prendre le quiz!

Statistiques générales

  • Ce quiz a été pris 116 fois
  • Le résultat moyen est 8 sur 10

Statistiques - réponses

QuestionRéponse% Correct
Quel médecin soigne exclusivement les animaux ?vétérinaire
100%
En droit, lorsqu'on demande une somme d'argent destinée à réparer un préjudice, on demande des dommages et...Intérêts
98%
Par quelle lettre de l'alphabet désigne-t-on une personne inconnue contre laquelle on porte plainte ?X
98%
Né en 1926 à Collonges-au-Mont-d'Or, quel est le prénom du grand chef cuisinier Bocuse ?Paul
92%
Quelle politesse d'homme galant, consiste à s'incliner et à saisir la main d'une femme pour l'effleurer de ses lèvres ?baisemain
90%
Quelle déesse grecque de l'Amour donne son nom à l'album de Kylie Minogue sorti en 2010 ?Aphrodite
78%
Quelle viennoiserie légère à pâte levée, souvent ronde ou tressée, désigne familièrement un ventre rebondi ?brioche
78%
En plongée sous-marine, la narcose azotée, qui rend dangereusement euphorique, est surnommée "l'ivresse des...profondeurs
72%
Depuis 1959, quel pont suspendu de 1410 mètres peut-on emprunter vers Le Havre pour traverser l'estuaire de la Seine ?pont de Tancarville
50%
Quelle est la dernière phase de la fabrication du fromage, lors de laquelle il achève sa maturation ?affinage
44%

Distribution des résultats

Percentile par nombre de réponses

% des personnes avec chaque résultat

Votre développement - résultats

Vous n’avez pas pris ce quiz